Hydraulics and pneumatic power for production (Record no. 46050)

MARC details
000 -LEADER
fixed length control field 00665nam a2200169 a 4500
008 - FIXED-LENGTH DATA ELEMENTS--GENERAL INFORMATION
fixed length control field 120416s0000 ||||||||||||||||| || u
020 ## - INTERNATIONAL STANDARD BOOK NUMBER
International Standard Book Number 0831110643
050 ## - LIBRARY OF CONGRESS CALL NUMBER
Classification number TJ 840 Ste
100 ## - MAIN ENTRY--PERSONAL NAME
Personal name Stewart, Harry L
245 10 - TITLE STATEMENT
Title Hydraulics and pneumatic power for production
246 ## - VARYING FORM OF TITLE
Title proper/short title how air and oil equipment can be applied to the manual and automatic operation of production machine
250 ## - EDITION STATEMENT
Edition statement 3rd ed.
260 ## - PUBLICATION, DISTRIBUTION, ETC.
Place of publication, distribution, etc. New York
Name of publisher, distributor, etc. Industrial Press
Date of publication, distribution, etc. 1970
300 ## - PHYSICAL DESCRIPTION
Extent Varying paginations
350 ## - PRICE (NR) (BK AM CF MU VM SE) [OBSOLETE]
Price 0.00
995 ## - RECOMMENDATION 995 [LOCAL, UNIMARC FRANCE]
-- 0.00
-- CBU-MAIN LIBRARY (Kitwe)
-- 1
-- 5.90
-- 1
-- AVAILABLE
-- Main Library Open Access Collection
Holdings
Withdrawn status Lost status Source of classification or shelving scheme Damaged status Not for loan Home library Current library Shelving location Date acquired Total Checkouts Full call number Barcode Date last seen Price effective from Koha item type
          CBU-MAIN LIBRARY, KITWE. CBU-MAIN LIBRARY, KITWE.   11/30/2022   TJ 840 Ste 018961 11/30/2022 11/30/2022 MONOGRAPH